Les secrets des chefs d´oeuvre (Record no. 7809)

MARC details
000 -CABECERA
campo de control de longitud fija 00660nam a2200229 a 4500
001 - NÚMERO DE CONTROL
campo de control BRCA_8141
005 - FECHA Y HORA DE LA ÚLTIMA TRANSACCIÓN
campo de control 20190320210141.0
008 - DATOS DE LONGITUD FIJA--INFORMACIÓN GENERAL
campo de control de longitud fija 140414s1964----fr-a###f##---#001-0#fre-#
041 ## - CÓDIGO DE LENGUA
Código de lengua del texto/banda sonora o título independiente fre
044 ## - CÓDIGO DEL PAÍS DE LA ENTIDAD EDITORA/PRODUCTORA
Código MARC del país fr
050 #4 - SIGNATURA TOPOGRÁFICA DE LA BIBLIOTECA DEL CONGRESO
Número de clasificación ND1140
Número de documento/Ítem .H613
-- 1964
100 1# - ENTRADA PRINCIPAL--NOMBRE DE PERSONA
Nombre de persona Hours, Madeleine
9 (RLIN) 20282
245 10 - MENCIÓN DE TÍTULO
Título Les secrets des chefs d´oeuvre
Mención de responsabilidad, etc. Madeleine Hours.
260 ## - PUBLICACIÓN, DISTRIBUCIÓN, ETC.
Lugar de publicación, distribución, etc. France
Nombre del editor, distribuidor, etc. Pont Royal
Fecha de publicación, distribución, etc. 1964
300 ## - DESCRIPCIÓN FÍSICA
Extensión 216 p.
Otras características físicas il. (algunas a color)
Dimensiones 26 cm.
500 ## - NOTA GENERAL
Nota general Y213
650 14 - PUNTO DE ACCESO ADICIONAL DE MATERIA--TÉRMINO DE MATERIA
Término de materia o nombre geográfico como elemento de entrada Pinturas
Subdivisión de forma Técnicas
9 (RLIN) 20283
650 14 - PUNTO DE ACCESO ADICIONAL DE MATERIA--TÉRMINO DE MATERIA
Término de materia o nombre geográfico como elemento de entrada Obras de arte
Subdivisión de forma Conservación y restauración
9 (RLIN) 20284
650 14 - PUNTO DE ACCESO ADICIONAL DE MATERIA--TÉRMINO DE MATERIA
Término de materia o nombre geográfico como elemento de entrada Arte
Subdivisión de forma Preservación
Subdivisión geográfica Francia
9 (RLIN) 20285
902 ## - CATALOGADOR
Iniciales GFM
942 ## - ELEMENTOS DE PUNTO DE ACCESO ADICIONAL (KOHA)
Fuente del sistema de clasificación o colocación Library of Congress Classification
Tipo de ítem Koha Libros
Holdings
Estado de retiro Estado de pérdida Estado dañado No para préstamo Localización permanente Ubicación/localización actual Fecha de adquisición Número de inventario Total de préstamos Signatura topográfica completa Código de barras Fecha visto por última vez Precio válido a partir de Tipo de ítem Koha
El ejemplar forma parte de la colección y puede ser consultado según las políticas vigentes.       Biblioteca del Museo Franz Mayer (Rogerio Casas-Alatriste) Biblioteca del Museo Franz Mayer (Rogerio Casas-Alatriste) 14/04/2014 Y213   ND1140 .H613 1964 (Y213) 8765 22/03/2019 22/03/2019 Libros